书目信息 |
| 题名: |
马克思恩格斯论美国内战
|
|
| 作者: | 朱鸿恩 译 | |
| 分册: | ||
| 出版信息: | 北京 人民出版社 1955 |
|
| 页数: | 289页 | |
| 开本: | 21cm | |
| 丛书名: | ||
| 单 册: | ||
| 中图分类: | A71 | |
| 科图分类: | ||
| 主题词: | 马克思--生事迹 , 马克思--传记 , 恩格斯--生平事迹 , 恩格斯--传记 , 列宁--生平事迹 , 列宁--传记 , 毛泽东--生平事迹 , 毛泽东--传记 | |
| 电子资源: | ||
| ISBN: | ||
| 000 | 00757nam0 2200277 450 | |
| 001 | 0659728765 | |
| 005 | 20060726163658.10 | |
| 010 | @b精装@dCNY1.15 | |
| 100 | @a20060726d1955 km y0chiy0120 ea | |
| 101 | 0 | @achi@ceng |
| 102 | @aCN@b110000 | |
| 200 | 1 | @a马克思恩格斯论美国内战@Ama ke si en ge si lun mei guo nei zhan@f朱鸿恩译@Fzhu hong en yi |
| 210 | @a北京@c人民出版社@d1955 | |
| 215 | @a289页@d21cm | |
| 606 | 0 | @a马克思@x生事迹 |
| 606 | 0 | @a马克思@x传记 |
| 606 | 0 | @a恩格斯@x生平事迹 |
| 606 | 0 | @a恩格斯@x传记 |
| 606 | 0 | @a列宁@x生平事迹 |
| 606 | 0 | @a列宁@x传记 |
| 606 | 0 | @a毛泽东@x生平事迹 |
| 606 | 0 | @a毛泽东@x传记 |
| 690 | @aA71@v3 | |
| 701 | 0 | @a朱鸿恩@Azhu hong en@4译 |
| 801 | 0 | @aCN@bPFT@c20060726 |
| 905 | @a10447@dA71@e132 | |
| 马克思恩格斯论美国内战/朱鸿恩译.-北京:人民出版社,1955 |
| 289页;21cm |
| ISBN (精装):CNY1.15 |
| ● |
| 相关链接 |
|
|
|
|
正题名:马克思恩格斯论美国内战
索取号:A71/132
 
预约/预借
| 序号 | 登录号 | 条形码 | 馆藏地/架位号 | 状态 | 备注 |
| 1 | 0426755 | 204267550 | 密集书库/ [索取号:A71/132] | 在馆 |